Lipids Sugar and Obesity: The Changing Scene of Cardiovascular Prevention

Bibliographic Details
Main Author: Dominiczak, Marek H. (Author)
Format: Article
Language:Slovak
English

MARC

LEADER 00000nab a2200000 a 4500
001 vtls010712978
003 SK-MaSNL
005 20260304185514.0
008 250709s2005 xo |||||||||||||||||slo|
035 |a (urnnbn)urn:nbn:sk:snk:ar-a0493y 
035 |a (uuid)540ea828-9eaf-42f5-9d09-ebb4b9f3052e 
035 |a urn:nbn:sk:snk-ab3fs3 
040 |a SNKBUCL  |b slo  |c SNKBUCL  |e AACR2 
041 0 |a eng 
044 |a xo  |c SK 
100 1 |a Dominiczak, Marek H.  |4 aut  |9 1520024 
245 1 0 |a Lipids Sugar and Obesity: The Changing Scene of Cardiovascular Prevention  |c Marek H. Dominiczak 
773 0 |t Laboratórna diagnostika : časopis pre pracovníkov diagnostických laboratórií  |g Roč. 10, č. 1 (2005), s. 12 
850 |a Slovenská národná knižnica 
852 |a Slovenská národná knižnica 
954 |a odborná, vedecká literatúra cudzojazyčná (svetová)  |2 lita 
958 |a article1 
958 |a OND 
958 |a EUIPO 
999 |c 3043876  |d 3045806